| 000 | 01223nam a2200217Ia 4500 | ||
|---|---|---|---|
| 003 | OSt | ||
| 005 | 20221207150421.0 | ||
| 008 | 210310s1977 ck b fr 000 0 spa d | ||
| 040 |
_aCO-JMCR _cCO-JMCR |
||
| 041 | 0 | _aspa | |
| 082 | 0 | 4 |
_223 _a338.9861 / _bB847d |
| 100 | 1 |
_aBrew, Roger, _918625 _eautor |
|
| 245 | 1 | 3 |
_aEl desarrollo económico de Antioquia desde la independencia hasta 1920 / _cpor Roger Brew |
| 260 |
_aBogotá : _bBanco de la República, _c1977 |
||
| 300 |
_a445 páginas, 1 hoja plegada : _bmapas a color ; _c25 cm |
||
| 490 | 0 |
_aArchivo de la economía nacional ; _v38 |
|
| 504 | _aBibliografía al final del texto | ||
| 505 | 0 | _aLos recursos humanos en el desarrollo económico antioqueño -- Capital, crédito e instituciones financieras -- La minería en el siglo XIX -- La colonización de la frontera y las oportunidades económicas y sociales que ofreció -- La industria ganadera -- El desarrollo de la agricultura -- El crecimiento de la oferta y de la demanda en el mercado de bienes manufacturados -- El desarrollo de las industrias manufactureras -- Conclusiones y perspectivas de investigación | |
| 650 | 1 | 4 |
_aAntioquia _918627 _xPolítica económica _xHistoria _y1810-1920 |
| 942 |
_2ddc _cBK |
||
| 999 |
_c8908 _d8908 |
||